000 00420nam a2200181Ia 4500
001 7942
005 20260306160532.0
008 260306t2019||||xx |||||||||||||| ||spa||
041 _aESP
082 _a364.019
_bM33
100 _aMazzoni, Giuliana
_eAUT
245 0 _aPsicologĂ­a del testimonio
260 _c2019
300 _a140 páginas :
_c23 cm.
650 _aGEN
654 _aCPS
942 _cLIB
_dJUS
_fJUS
_2ddc
_n
999 _c7942
_d7942